[Event "German Bundesliga 2021-22"]
[Site "Germany"]
[Date "2022.05.01"]
[Round "6.6"]
[White "Novikov, Igor"]
[Black "Stark, Lars"]
[Result "1-0"]
[WhiteElo "2551"]
[BlackElo "2386"]
[Annotator "TA"]
[PlyCount "143"]
[EventDate "2022.03.05"]
[EventType "team-tourn"]
[EventCountry "GER"]
[SourceTitle "playchess.com"]
[Source "ChessBase"]
[SourceQuality "1"]
[TimeControl "40/5400+30:1800+30"]

{[%evp 9,143,24,30,29,46,35,44,34,44,24,32,36,33,29,29,18,30,0,0,0,0,0,0,0,0,0,33,35,38,28,34,31,31,35,45,32,41,43,39,29,53,54,59,52,57,48,47,51,65,50,50,47,57,44,53,43,44,33,45,40,43,43,44,44,63,52,67,68,91,91,95,61,64,60,64,66,79,78,80,71,87,57,70,70,70,70,110,114,187,189,336,112,78,95,90,25,104,82,75,74,114,25,323,314,409,409,381,331,791,770,645,307,109,105,306,306,1931,1923,29950,6427,29968,29970,29970,29971,29971,29972,29972,29973,29971,29972,29972,29973,29973,29974,29984,29985]} 1. d4 {[%emt 0:00:00]} Nf6 {[%emt 0:00:00]} 2. c4 {[%emt 0:00:00]} e6 {[%emt 0:00:00]} 3. Nf3 {[%emt 0:00:00]} b6 {[%emt 0:00:00]} 4. g3 {[%emt 0:00:00]} Ba6 {[%emt 0:00:00]} 5. b3 {[%emt 0:00:00]} c6 {[%emt 0:00:00]} 6. Bg2 {[%emt 0:00:00] E15: Queen's Indian: 4 g3 sidelines, 4 g3 Ba6 and 4 g3 Bb7 early deviations.} Bb4+ {[%emt 0:00:00]} 7. Nbd2 {[%emt 0:01:10]} d5 {[%emt 0:00:00]} 8. O-O {[%emt 0:01:57] White is slightly better.} Nbd7 {[%emt 0:00:00]} 9. Bb2 {[%emt 0:04:02]} (9. e4 $5) 9... O-O {[%emt 0:00:00]} 10. Rc1 {[%emt 0:04:48]} Rc8 {[%emt 0:00:00]} 11. a3 {[%emt 0:05:10]} Be7 {[%emt 0:01:56] [#]} 12. b4 $146 {[%emt 0:23:05]} ({Predecessor:} 12. Re1 Ne4 13. Nxe4 dxe4 14. Nd2 f5 15. b4 Qc7 16. f3 Bg5 17. e3 exf3 18. Nxf3 {1-0 (32) Horvath,C (2540)-Emodi,B (2315) Hungary 1995}) 12... Bb7 {[%emt 0:09:35]} 13. c5 {[%emt 0:07:28]} a5 {[%emt 0:01:13]} 14. Qc2 {[%emt 0:01:56]} axb4 {[%emt 0:02:34]} 15. axb4 {[%emt 0:00:03]} Ba6 {[%emt 0:00:31]} 16. Rfe1 {[%emt 0:00:38]} Bb5 {[%emt 0:00:43]} 17. e4 {[%emt 0:05:40][%cal Be2e4,Be4e5][%mdl 32]} Qc7 {[%emt 0:08:37]} 18. e5 {[%emt 0:03:29]} Ne8 {[%emt 0:01:03]} 19. h4 {[%emt 0:01:09]} Qd8 {[%emt 0:01:24]} 20. Nb1 {[%emt 0:02:17]} Nc7 {[%emt 0:00:44]} 21. Nc3 {[%emt 0:01:45]} Ba6 {[%emt 0:03:32]} 22. Rb1 {[%emt 0:03:01]} Bc4 {[%emt 0:10:27]} 23. Nd2 {[%emt 0:01:35]} Ba6 {[%emt 0:02:02]} 24. Bc1 {[%emt 0:01:22]} bxc5 {[%emt 0:02:02]} 25. bxc5 {[%emt 0:07:12]} Rb8 {[%emt 0:01:51]} 26. Rxb8 {[%emt 0:03:08]} Qxb8 {[%emt 0:01:03]} 27. Nf3 {[%emt 0:03:41]} Rc8 {[%emt 0:03:24]} 28. Bg5 {[%emt 0:01:38]} Bf8 {[%emt 0:00:37]} 29. Rb1 {[%emt 0:01:20]} Qa8 {[%emt 0:01:53]} 30. Ra1 {[%emt 0:01:32]} Qb7 {[%emt 0:00:44]} 31. Nd2 {[%emt 0:02:18]} Rb8 {[%emt 0:01:37]} 32. Rb1 {[%emt 0:01:05]} Qc8 {[%emt 0:02:25]} 33. Nb3 {[%emt 0:01:25]} Nb5 {[%emt 0:02:25]} 34. Ra1 {[%emt 0:02:48] Inhibits Na3.} h6 {[%emt 0:01:38]} 35. Be3 {[%emt 0:01:01]} Nxc3 {[%emt 0:00:14]} 36. Qxc3 {[%emt 0:00:04]} Be7 {[%emt 0:00:22]} 37. Ra3 {[%emt 0:01:27]} Bd8 {[%emt 0:08:13]} 38. Qa1 {[%emt 0:01:30]} Bc4 {[%emt 0:02:34]} 39. Nd2 {[%emt 0:00:28]} Bb5 {[%emt 0:00:06]} 40. Bh3 {[%emt 0:05:00]} Nf8 {[%emt 0:03:50]} 41. h5 {[%emt 0:31:55]} Be2 {[%emt 0:32:23]} 42. f3 {[%emt 0:00:42]} Nh7 {[%emt 0:02:44]} 43. Kf2 {[%emt 0:00:27]} Bb5 {[%emt 0:00:05]} 44. f4 {[%emt 0:01:50]} Nf8 {[%emt 0:02:39]} 45. Bg4 {[%emt 0:01:10]} (45. Nf3 {is more complex.} Bc4 46. g4 Rb3 47. Rxb3 Bxb3 48. Bf1) 45... Nh7 {[%emt 0:00:20]} 46. Be2 {[%emt 0:00:00]} Bxe2 {[%emt 0:00:00]} 47. Kxe2 {[%emt 0:00:00]} f5 {[%emt 0:00:00]} 48. Ra7 {[%emt 0:00:00]} Bc7 {[%emt 0:00:00]} (48... Nf8 $16 49. Nf3 g6) 49. Qa6 {[%emt 0:00:00]} Qd7 {[%emt 0:00:00]} (49... Bd8 $142 50. Kf3 Nf8) 50. Ra8 $2 {[%emt 0:00:00]} (50. Kd3 $18 {and White stays clearly on top.}) 50... Rxa8 $16 {[%emt 0:00:00]} 51. Qxa8+ {[%emt 0:00:00]} Nf8 {[%emt 0:00:00]} 52. Kd3 {[%emt 0:00:00]} (52. Nb3 $16) 52... g6 {[%emt 0:00:00]} (52... Kf7 $11 {remains equal.}) 53. hxg6 $1 {[%emt 0:00:00]} Kg7 {[%emt 0:00:00]} 54. Nb3 $1 {[%emt 0:00:00] Bd2 is the strong threat. White is much more active.} Nxg6 {[%emt 0:00:00]} 55. Qb7 {[%emt 0:00:00]} (55. Bd2 $1 $16) 55... Nf8 $2 {[%emt 0:00:00][%mdl 8192]} (55... Ne7 $11) 56. Bd2 $1 $18 {[%emt 0:00:00] Black must now prevent Ba5.} Bd8 {[%emt 0:00:00] [#]} 57. Qxd7+ {[%emt 0:00:00]} Nxd7 {[%emt 0:00:00] [#]} 58. Ba5 $1 {[%emt 0:00:00]} Bxa5 {[%emt 0:00:00]} (58... Be7 59. Bc7 Kf8) 59. Nxa5 {[%emt 0:00:00][%mdl 4096] Endgame KN-KN} Nb8 {[%emt 0:00:00]} 60. Ke3 {[%emt 0:00:00]} (60. Kc3 $142 Kf7 61. Kb4) 60... Kf7 $2 {[%emt 0:00:00]} ({Black should try} 60... Kf8 $18 61. Kf3 h5) 61. Kf3 $16 {[%emt 0:00:00]} Ke7 $2 {[%emt 0:00:00]} (61... h5 $16 {was necessary.}) 62. g4 $18 {[%emt 0:00:00] Strongly threatening Kg3.} fxg4+ $2 {[%emt 0:00:00]} (62... Kf7 63. Nb7 Na6) 63. Kxg4 {[%emt 0:00:00] And now Kh5 would win.} Kd7 {[%emt 0:00:00]} 64. f5 {[%emt 0:00:00]} h5+ {[%emt 0:00:00]} 65. Kxh5 {[%emt 0:00:00] White mates.} exf5 {[%emt 0:00:00]} 66. Kg5 {[%emt 0:00:00]} Ke6 {[%emt 0:00:00]} 67. Kf4 {[%emt 0:00:00]} Na6 {[%emt 0:00:00]} 68. Nxc6 {[%emt 0:00:00]} Kd7 {[%emt 0:00:00]} 69. Na7 {[%emt 0:00:00]} Ke6 {[%emt 0:00:00]} 70. c6 {[%emt 0:00:00]} Nc7 {[%emt 0:00:00]} 71. Kg5 {[%emt 0:00:00]} Na6 {[%emt 0:00:00]} 72. Nb5 {[%emt 0:00:00] Weighted Error Value: White=0.20 (precise) /Black=0.26 (precise)} 1-0

[Event "German Bundesliga 2021-22"]
[Site "Germany"]
[Date "2022.05.01"]
[Round "6.6"]
[White "Heinemann, Thies"]
[Black "Warmerdam, Max"]
[Result "0-1"]
[WhiteElo "2495"]
[BlackElo "2607"]
[Annotator "TA"]
[PlyCount "148"]
[EventDate "2022.03.05"]
[EventType "team-tourn"]
[EventCountry "GER"]
[SourceTitle "playchess.com"]
[Source "ChessBase"]
[SourceQuality "1"]
[TimeControl "40/5400+30:1800+30"]

{[%evp 16,148,11,9,16,0,0,-6,0,0,0,-22,0,0,0,0,0,-10,0,0,-7,-14,-9,-7,0,-18,-10,-36,-10,-43,0,-37,-8,-44,-32,-27,-41,-72,-57,-58,-71,-70,0,-58,-52,-85,-88,-93,-94,-98,-92,-89,-90,-93,-100,-121,-110,-128,-140,-128,-132,-121,-100,-118,-91,-106,-105,-87,-87,-93,-87,-93,-89,-106,-81,-96,-106,-158,-114,-107,-95,-108,-123,-240,-227,-277,-194,-437,-435,-437,-437,-393,-393,-393,-391,-472,-463,-660,-406,-413,-372,-685,-503,-544,-541,-503,-396,-715,-423,-440,-440,-779,-571,-1326,-494,-488,-487,-487,-461,-435,-435,-639,-435,-6610,-6103,-1463,-435,-29984,-29985,-29985,-29986,-29986,-29987,-29987,-29987]} 1. e4 {[%emt 0:00:00]} c6 {[%emt 0:00:00]} 2. d4 {[%emt 0:00:00]} d5 {[%emt 0:00:00]} 3. Nd2 {[%emt 0:00:00]} dxe4 {[%emt 0:00:00]} 4. Nxe4 {[%emt 0:00:00]} Nf6 {[%emt 0:00:00]} 5. Nxf6+ {[%emt 0:00:00]} exf6 {[%emt 0:00:00]} 6. Nf3 {[%emt 0:00:00]} Bd6 {[%emt 0:00:00]} 7. Be2 {[%emt 0:00:00]} Na6 {[%emt 0:00:00]} 8. O-O {[%emt 0:03:10]} Nc7 {[%emt 0:00:00]} 9. Re1 {[%emt 0:05:37]} O-O {[%emt 0:00:00]} 10. c3 {[%emt 0:03:13]} Re8 {[%emt 0:03:10]} 11. Bd3 {[%emt 0:10:10]} Bg4 {[%emt 0:02:57]} 12. Rxe8+ {[%emt 0:04:33]} Qxe8 {[%emt 0:00:17]} 13. Bd2 {[%emt 0:01:23]} a5 {[%emt 0:06:50]} 14. h3 {[%emt 0:14:26]} Bh5 {[%emt 0:18:03]} 15. Qe2 {[%emt 0:02:24]} Qd7 {[%emt 0:00:39]} 16. Re1 {[%emt 0:01:04]} a4 {[%emt 0:03:03]} 17. Qe4 {[%emt 0:05:23]} Bg6 {[%emt 0:07:21]} 18. Qe2 {[%emt 0:00:08]} b5 {[%emt 0:03:11]} 19. Bxg6 {[%emt 0:06:43]} hxg6 {[%emt 0:00:10]} 20. c4 {[%emt 0:01:24]} g5 {[%emt 0:19:18]} 21. Be3 {[%emt 0:12:07]} Rb8 {[%emt 0:14:47]} 22. Qc2 {[%emt 0:05:55]} Bf8 {[%emt 0:06:20]} 23. Rc1 {[%emt 0:02:14]} a3 {[%emt 0:04:49]} 24. bxa3 {[%emt 0:04:12]} (24. b3 $5 {[%cal Rc4b5]}) 24... Bxa3 {[%emt 0:00:08]} 25. Rb1 {[%emt 0:01:32]} Ra8 {[%emt 0:00:16]} 26. Rb3 {[%emt 0:06:36]} Bf8 {[%emt 0:00:26]} 27. Rc3 {[%emt 0:01:35]} Bb4 {[%emt 0:00:36]} 28. Rb3 {[%emt 0:00:14]} Bf8 {[%emt 0:01:38]} 29. Rc3 $1 {[%emt 0:00:36]} Ne8 {[%emt 0:03:03]} 30. Qe2 {[%emt 0:06:05]} Nd6 {[%emt 0:00:33]} 31. cxb5 {[%emt 0:00:50]} cxb5 {[%emt 0:01:17]} 32. Rc2 {[%emt 0:01:40]} Qf5 {[%emt 0:01:07]} 33. Ne1 {[%emt 0:00:54]} Ra3 {[%emt 0:01:50]} 34. Qf3 {[%emt 0:00:58]} Qe6 {[%emt 0:00:36]} 35. d5 {[%emt 0:01:30]} Qe5 {[%emt 0:00:19]} 36. Qd1 {[%emt 0:00:20]} Nc4 {[%emt 0:03:35]} 37. Bc1 {[%emt 0:00:17]} Qa1 {[%emt 0:00:43]} 38. Qe2 {[%emt 0:00:29]} Ra8 {[%emt 0:00:27]} 39. g3 {[%emt 0:01:07]} Rd8 {[%emt 0:00:10]} 40. Qe4 {[%emt 0:01:00]} Nb6 {[%emt 0:01:10]} 41. Kg2 {[%emt 0:00:00]} Nxd5 {[%emt 0:00:00]} 42. Bd2 {[%emt 0:00:00]} b4 {[%emt 0:00:00]} 43. Nf3 {[%emt 0:00:00]} Qb1 {[%emt 0:00:00]} 44. Qc4 {[%emt 0:01:30]} Qd1 {[%emt 0:00:00]} 45. Rb2 {[%emt 0:09:07]} Qa4 {[%emt 0:00:00]} 46. h4 {[%emt 0:02:08]} ({Better is} 46. Rc2) 46... Qa3 {[%emt 0:02:16]} 47. Rc2 {[%emt 0:01:27]} Nb6 {[%emt 0:01:26]} 48. Qe4 {[%emt 0:01:34]} gxh4 {[%emt 0:00:41]} 49. Qxh4 {[%emt 0:01:09] [#]} (49. Nxh4 $17 Nd5 50. Nf3) 49... Qa8 $1 $19 {[%emt 0:02:55]} 50. Be3 {[%emt 0:09:13]} Nd5 {[%emt 0:00:27]} 51. Qd4 $2 {[%emt 0:01:48]} (51. Bd2 {is a better defense.}) 51... b3 $19 {[%emt 0:00:40]} 52. axb3 {[%emt 0:01:15]} Nb4 {[%emt 0:00:11]} 53. Qc4 {[%emt 0:00:28]} Nxc2 {[%emt 0:00:18]} 54. Qxc2 {[%emt 0:00:01]} Qb7 {[%emt 0:00:13]} 55. g4 {[%emt 0:00:52]} Re8 {[%emt 0:01:01]} 56. Qf5 {[%emt 0:01:16]} (56. Qd3 $142) 56... Qxb3 {[%emt 0:00:45]} 57. g5 {[%emt 0:01:03]} Qe6 {[%emt 0:00:05]} 58. Qf4 $2 {[%emt 0:00:53]} (58. Qxe6 fxe6 59. g6) 58... fxg5 {[%emt 0:00:17]} 59. Nxg5 {[%emt 0:00:39]} Qg6 {[%emt 0:00:06]} 60. Kf1 {[%emt 0:00:37]} Rd8 {[%emt 0:00:49]} 61. Qa4 $2 {[%emt 0:01:24]} (61. Qe4) 61... Qd3+ {[%emt 0:00:37]} 62. Kg2 {[%emt 0:00:28]} Qd5+ {[%emt 0:00:11]} 63. Kh3 {[%emt 0:01:43]} (63. Qe4 $142) 63... Rd6 {[%emt 0:02:11]} 64. Qe8 {[%emt 0:01:12]} Qf5+ {[%emt 0:00:14]} (64... f6 $142 65. Qe4 fxg5 66. Qxd5+ Rxd5) 65. Kg3 $19 {[%emt 0:00:34]} Rd1 {[%emt 0:02:08]} 66. f4 {[%emt 0:00:47]} Qd7 {[%emt 0:04:57]} 67. Qe4 {[%emt 0:00:38]} g6 {[%emt 0:00:24]} 68. Qc4 {[%emt 0:00:50]} (68. Nf3 $142) 68... Qd5 {[%emt 0:00:34]} 69. Qa4 {[%emt 0:00:57]} (69. Qxd5 $142 Rxd5 70. Ne4) 69... Rd3 $19 {[%emt 0:01:24]} 70. Qe8 {[%emt 0:01:05]} Qd7 {[%emt 0:00:52]} (70... Ra3 $142 {White must now prevent ...Kg7.} 71. Kh4 Ra2 72. Qxf7+ Qxf7 73. Nxf7 Kxf7) 71. Qe5 {[%emt 0:00:59]} (71. Qxd7 $19 Rxd7 72. Kf3) 71... Bd6 {[%emt 0:00:19]} 72. Qe4 {[%emt 0:00:33]} Bc5 {[%emt 0:00:07]} 73. Qa8+ {[%emt 0:00:15]} Kg7 {[%emt 0:00:10]} 74. Qa1+ {[%emt 0:00:33]} Bd4 {[%emt 0:00:13]} 0-1

[Event "German Bundesliga 2021-22"]
[Site "Germany"]
[Date "2022.05.01"]
[Round "6.7"]
[White "Andersen, Mads"]
[Black "Sebastian, Dirk"]
[Result "1-0"]
[WhiteElo "2570"]
[BlackElo "2445"]
[Annotator "TA"]
[PlyCount "65"]
[EventDate "2022.03.05"]
[EventType "team-tourn"]
[EventCountry "GER"]
[SourceTitle "playchess.com"]
[Source "ChessBase"]
[SourceQuality "1"]
[TimeControl "40/5400+30:1800+30"]

{[%evp 20,65,28,34,36,34,33,32,64,54,71,64,79,62,95,49,57,71,59,58,71,49,60,0,0,0,0,0,33,45,43,43,38,38,43,45,40,29,403,400,393,393,393,393,391,393,397,391]} 1. d4 {[%emt 0:00:00]} Nf6 {[%emt 0:00:00]} 2. c4 {[%emt 0:00:00][%cal Bc2c4,Bc4b5,Bb5a6][%mdl 32]} c5 {[%emt 0:00:00]} 3. d5 {[%emt 0:00:00]} b5 {[%emt 0:00:00]} 4. cxb5 {[%emt 0:00:00]} a6 {[%emt 0:00:00]} 5. bxa6 {[%emt 0:00:00]} g6 {[%emt 0:00:00]} 6. Nc3 {[%emt 0:00:00]} Bg7 {[%emt 0:00:00]} 7. e4 {[%emt 0:00:00]} O-O {[%emt 0:00:00][%cal Bh8f8,Bf8b8,Bb8b4][%mdl 32]} 8. Bc4 {[%emt 0:00:00]} d6 {[%emt 0:00:00]} 9. Nf3 {[%emt 0:00:00]} Bxa6 {[%emt 0:02:56]} 10. Bxa6 {[%emt 0:00:00]} Nxa6 {[%emt 0:01:34]} 11. O-O {[%emt 0:00:00]} Qa5 {[%emt 0:09:46] A57: Benko/Volga Gambit.} 12. a4 $5 {[%emt 0:37:20][%mdl 4] A promising side line.} Rfb8 {[%emt 0:07:42]} 13. Ra3 {[%emt 0:01:39] [#]} Rb4 $146 {[%emt 0:15:14] White is slightly better.} ({Predecessor:} 13... Nc7 14. Qc2 Nd7 15. Bd2 Qa6 16. h3 Qb7 17. Rb1 Ra6 18. Nd1 Rb6 19. Ba5 Ra6 20. Bd2 Rb6 21. Ba5 Ra6 22. Bd2 {½-½ (22) Richterova,N (2210)-Horak,M (2326) Czech Republic 2016}) 14. e5 {[%emt 0:07:00]} Ng4 {[%emt 0:27:28]} 15. exd6 {[%emt 0:13:16]} exd6 {[%emt 0:00:16]} 16. Nb5 {[%emt 0:00:15]} (16. Bd2 $5 {[%cal Rh2h3]}) 16... Qb6 {[%emt 0:11:21]} 17. b3 {[%emt 0:02:15]} (17. Bd2 $16) 17... Nc7 $14 {[%emt 0:01:20]} 18. Nxc7 {[%emt 0:05:06]} Qxc7 {[%emt 0:00:05]} 19. Bd2 {[%emt 0:00:59]} Rb6 {[%emt 0:08:59]} 20. a5 {[%emt 0:06:51]} (20. h3 $5 {[%cal Rh3g4]} Nf6 21. Bc3 $14) 20... Rbb8 {[%emt 0:00:41]} 21. Qc2 {[%emt 0:01:33]} (21. h3 $14 Ne5 22. Nxe5 Bxe5 23. Qc2) 21... Nf6 $11 {[%emt 0:02:54]} 22. Qc4 {[%emt 0:03:22]} Qb7 $1 {[%emt 0:06:00] Against b4} 23. Bf4 $36 {[%emt 0:02:26][%mdl 2048] White has good play.} Qxd5 {[%emt 0:00:08]} 24. Qxd5 {[%emt 0:00:58]} Nxd5 {[%emt 0:00:02]} 25. Bxd6 {[%emt 0:00:12]} Rb5 {[%emt 0:02:52]} 26. a6 {[%emt 0:04:53]} Nb4 {[%emt 0:00:05]} 27. a7 {[%emt 0:00:52]} Nc6 {[%emt 0:00:05]} 28. Re1 {[%emt 0:03:47][%cal Oe1e8] Hoping for Re8+!} Bf8 $2 {[%emt 0:01:22][%mdl 8192] [#] A mistake that costs the game.} (28... h6 $1 $11 {and Black is okay.}) 29. Re8 $3 $18 {[%emt 0:03:16][%mdl 512] White is winning.} Rxe8 {[%emt 0:01:33]} 30. a8=Q {[%emt 0:00:11]} Rxa8 {[%emt 0:00:15]} 31. Rxa8 {[%emt 0:00:09]} Rxb3 {[%emt 0:01:11] ( -> ...Rb1+)} 32. h4 {[%emt 0:02:16]} ({But not} 32. Rxf8+ Kg7 33. Ne1 c4 $18) 32... Rb1+ {[%emt 0:00:37]} 33. Kh2 {[%emt 0:00:06] Weighted Error Value: White=0.07 (flawless) /Black=0.49} 1-0

[Event "German Bundesliga 2021-22"]
[Site "Germany"]
[Date "2022.05.01"]
[Round "6.7"]
[White "Heinz, Timothee"]
[Black "Saltaev, Mihail"]
[Result "1/2-1/2"]
[WhiteElo "2374"]
[BlackElo "2482"]
[Annotator "TA"]
[PlyCount "139"]
[EventDate "2022.03.05"]
[EventType "team-tourn"]
[EventCountry "GER"]
[SourceTitle "playchess.com"]
[Source "ChessBase"]
[SourceQuality "1"]
[TimeControl "40/5400+30:1800+30"]

{[%evp 18,139,29,30,25,36,51,55,50,39,54,8,8,0,11,6,7,13,18,10,14,0,30,20,30,21,35,39,38,28,50,27,27,14,14,9,20,5,12,11,14,9,12,8,8,5,20,19,54,47,96,66,58,25,16,21,69,-34,-34,-32,-29,-48,-45,-104,-98,-112,-80,-65,-61,-62,-41,-41,-33,-30,-43,-74,0,0,0,0,0,-8,0,0,0,-8,0,0,0,-8,-8,-8,0,0,0,-261,-244,-218,-57,-65,0,0,0,0,0,0,0,0,0,0,0,0,0,0,0,0,0,0,0,0,0,0,0,-395]} 1. d4 {[%emt 0:00:00]} d5 {[%emt 0:00:00]} 2. Nf3 {[%emt 0:00:00]} Nf6 {[%emt 0:00:00]} 3. c4 {[%emt 0:00:00]} e6 {[%emt 0:00:00]} 4. g3 {[%emt 0:00:00]} Be7 {[%emt 0:00:00]} 5. Bg2 {[%emt 0:00:00]} O-O {[%emt 0:00:00]} 6. O-O {[%emt 0:00:00]} dxc4 {[%emt 0:00:00]} 7. Ne5 {[%emt 0:00:00]} c5 {[%emt 0:00:00]} 8. dxc5 {[%emt 0:00:00]} Qc7 {[%emt 0:00:00]} 9. Nxc4 {[%emt 0:00:00]} Qxc5 {[%emt 0:00:00]} 10. b3 {[%emt 0:00:57]} Rd8 {[%emt 0:00:00] E05: Open Catalan: 5 Nf3 Be7.} 11. Nbd2 {[%emt 0:01:22]} Qh5 {[%emt 0:04:29]} 12. e4 {[%emt 0:01:53]} Qxd1 {[%emt 0:09:49] White is slightly better.} ({Less strong is} 12... Ng4 13. h3 Nf6 14. Qxh5 Nxh5 15. e5 $16) 13. Rxd1 {[%emt 0:00:29] [#]} b5 $146 {[%emt 0:05:33] [#]} ({Predecessor:} 13... Nc6 14. Bb2 b5 15. Bxf6 gxf6 16. e5 Bb7 17. Nd6 Bxd6 18. exd6 f5 19. Nf3 Nb4 {½-½ (54) Rodriguez Melian,J (2095)-Armenteros Peral,J (1971) Gran Canaria 2019}) 14. Ne3 {[%emt 0:07:15]} (14. e5 $1 $14 {might be stronger.} Nd5 15. Ba3 $1 Bxa3 16. Nxa3) 14... Bb7 $11 {[%emt 0:01:04]} 15. Bb2 {[%emt 0:17:39]} Na6 {[%emt 0:03:36]} 16. e5 {[%emt 0:11:09][%csl LRb7,LRf6]} Nd5 {[%emt 0:00:14]} 17. Nxd5 {[%emt 0:00:07]} Bxd5 {[%emt 0:00:14]} 18. Bf1 {[%emt 0:03:12]} Nc7 {[%emt 0:18:35]} 19. Rdc1 {[%emt 0:03:38]} Rd7 {[%emt 0:03:54]} 20. Rc2 {[%emt 0:02:37]} a6 {[%emt 0:00:26]} 21. Rac1 {[%emt 0:02:48]} Ra7 {[%emt 0:08:35]} 22. Bd4 {[%emt 0:01:33]} Rb7 {[%emt 0:00:19]} 23. Bc5 {[%emt 0:00:06]} Bd8 {[%emt 0:06:17]} 24. a4 {[%emt 0:15:16]} f6 {[%emt 0:00:56]} 25. axb5 {[%emt 0:03:23]} axb5 {[%emt 0:00:16]} 26. exf6 {[%emt 0:02:27]} gxf6 {[%emt 0:01:58]} 27. Ra1 {[%emt 0:00:58]} Kf7 {[%emt 0:14:08]} 28. b4 {[%emt 0:13:29]} Be7 {[%emt 0:06:33]} 29. Ra5 {[%emt 0:01:26]} Rd8 {[%emt 0:03:46]} 30. Bxe7 {[%emt 0:00:46]} Kxe7 {[%emt 0:00:09]} 31. Rc5 {[%emt 0:00:24]} Rdb8 {[%emt 0:00:32]} 32. Nb1 {[%emt 0:02:05]} Kd6 {[%emt 0:00:37]} 33. Nc3 {[%emt 0:01:15]} Bc6 {[%emt 0:02:53]} (33... Rb6 $14) 34. h4 {[%emt 0:01:35] White is more active.} f5 {[%emt 0:01:23]} 35. Bg2 {[%emt 0:02:04]} (35. Ra2 $5 {[%cal Ra2d2]}) 35... Bxg2 {[%emt 0:02:23]} 36. Kxg2 {[%emt 0:00:02][%cal Og3g4]} Rb6 {[%emt 0:01:11]} (36... h6 $11 {is more appropriate.}) 37. Ra7 {[%emt 0:04:08]} (37. g4 $14) 37... Rc6 $15 {[%emt 0:01:51]} 38. Rxc6+ {[%emt 0:01:42]} Kxc6 {[%emt 0:00:02][%mdl 4096] Endgame KRN-KRN} 39. Kf3 {[%emt 0:00:21]} Rg8 {[%emt 0:03:38]} 40. Ra3 {[%emt 0:03:17]} (40. h5 $15) 40... Rg4 $17 {[%emt 0:00:26]} 41. Na2 {[%emt 0:00:00]} Rc4 {[%emt 0:00:00]} 42. Ke3 {[%emt 0:00:00]} h5 {[%emt 0:00:00]} 43. Kd3 {[%emt 0:00:00]} e5 {[%emt 0:00:00][%cal Be6e5,Be5e4][%mdl 32]} 44. Rc3 {[%emt 0:00:00]} e4+ {[%emt 0:00:00]} 45. Kd2 {[%emt 0:00:00]} Kd5 {[%emt 0:01:55]} 46. Ra3 {[%emt 0:00:00]} Kc6 {[%emt 0:06:46]} (46... Kd4 $17) 47. Rc3 $11 {[%emt 0:00:00]} Nd5 {[%emt 0:02:24]} 48. Rxc4+ {[%emt 0:01:31]} bxc4 {[%emt 0:00:07] KN-KN} 49. Kc2 {[%emt 0:00:03]} Kd6 {[%emt 0:02:28]} 50. Kd2 {[%emt 0:03:11]} Kc6 {[%emt 0:05:28]} 51. Kc2 {[%emt 0:00:09]} e3 {[%emt 0:00:57]} 52. fxe3 {[%emt 0:06:00]} Nxe3+ {[%emt 0:02:36]} 53. Kd2 {[%emt 0:00:55]} Nd5 {[%emt 0:04:52]} 54. Kc2 {[%emt 0:00:37]} Kd6 {[%emt 0:01:15]} 55. Kb2 {[%emt 0:06:53]} Ke5 {[%emt 0:02:39]} 56. Ka3 $2 {[%emt 0:00:06][%mdl 8192]} (56. b5 $1 $11) 56... Ke4 $19 {[%emt 0:04:04]} 57. Ka4 {[%emt 0:04:21] [#]} Kf3 $2 {[%emt 0:01:35]} ({Better is} 57... c3 $1 $19 {Strongly threatening ...Kd3.} 58. Kb3 Kd3) 58. Kb5 $15 {[%emt 0:00:06]} c3 {[%emt 0:02:36]} (58... Kxg3 $15 59. Kxc4 Nb6+ 60. Kc5 Nc8) 59. Kc5 $11 {[%emt 0:02:22] The position is equal.} Nxb4 {[%emt 0:00:57]} 60. Nxb4 {[%emt 0:03:26]} Kxg3 {[%emt 0:00:18] Hoping for ...f4.} 61. Kd4 {[%emt 0:00:09]} Kxh4 {[%emt 0:00:22] Threatens to win with ...Kg3.} 62. Kxc3 {[%emt 0:00:13] KN-KPP} Kg3 {[%emt 0:00:42]} 63. Kd2 {[%emt 0:00:09]} h4 {[%emt 0:00:47]} 64. Ke1 {[%emt 0:02:00]} h3 {[%emt 0:01:59] ( -> ...h2)} 65. Nd3 {[%emt 0:00:04]} h2 {[%emt 0:00:46]} 66. Nf2 {[%emt 0:00:03]} Kg2 {[%emt 0:00:11]} 67. Nh1 {[%emt 0:01:03]} f4 {[%emt 0:00:35]} 68. Nf2 {[%emt 0:00:06]} Kg1 {[%emt 0:00:54]} 69. Nh1 {[%emt 0:00:04]} Kxh1 $4 {[%emt 0:00:29][%mdl 8192]} (69... f3 $11) 70. Kf1 {[%emt 0:00:03][%mdl 32768] Weighted Error Value: White=0.18 (very precise) /Black=0.15 (very precise) . An unexpected result.} 1/2-1/2